Normal view
MARC view
- FOOD SECURITY--AFRICA, SOUTHERN
Entry Topical Term
001 - CONTROL NUMBER
- control field: 2463
003 - CONTROL NUMBER IDENTIFIER
- control field: CBULib
005 - DATE AND TIME OF LATEST TRANSACTION
- control field: 20240226161915.0
008 - FIXED-LENGTH DATA ELEMENTS
- fixed length control field: 240226|| aca||babn | a|a d
040 ## - CATALOGING SOURCE
- Original cataloging agency: CBULib
150 ## - HEADING--TOPICAL TERM
- Topical term or geographic name entry element: FOOD SECURITY--AFRICA, SOUTHERN